An essay book of national importance / (Record no. 90492)
[ view plain ]
| 000 -LEADER | |
|---|---|
| fixed length control field | 00520nam a22001817a 4500 |
| 003 - CONTROL NUMBER IDENTIFIER | |
| control field | BD-DhUL |
| 005 - DATE AND TIME OF LATEST TRANSACTION | |
| control field | 20201018102609.0 |
| 008 - FIXED-LENGTH DATA ELEMENTS--GENERAL INFORMATION | |
| fixed length control field | 160731s2010 xxua|||| |||| 000 0 eng d |
| 040 ## - CATALOGING SOURCE | |
| Transcribing agency | BD-DhUL |
| Modifying agency | BD-DhUL |
| 082 ## - DEWEY DECIMAL CLASSIFICATION NUMBER | |
| Classification number | 954.92 |
| Item number | CHE |
| 100 1# - MAIN ENTRY--PERSONAL NAME | |
| Personal name | Chowdhury, Nuruzzaman. |
| 245 ## - TITLE STATEMENT | |
| Title | An essay book of national importance / |
| Statement of responsibility, etc. | Nuruzzaman Chowdhury. |
| 250 ## - EDITION STATEMENT | |
| Edition statement | 2nd ed. |
| 260 ## - PUBLICATION, DISTRIBUTION, ETC. (IMPRINT) | |
| Place of publication, distribution, etc. | Dhaka. |
| Name of publisher, distributor, etc. | Diploma in Montessori Education, |
| Date of publication, distribution, etc. | 2010. |
| 300 ## - PHYSICAL DESCRIPTION | |
| Extent | xv, 319 p. : |
| Other physical details | ill. ; |
| Dimensions | 22 cm. |
| 365 ## - TRADE PRICE | |
| Price type code | BDT |
| Price amount | 350.00 |
| 942 ## - ADDED ENTRY ELEMENTS (KOHA) | |
| Source of classification or shelving scheme | |
| Koha item type | Books |
| Price effective from | Date last seen | Permanent Location | Not for loan | Date acquired | Source of classification or shelving scheme | Koha item type | Lost status | Withdrawn status | Copy number | Source of acquisition | Collection code | Damaged status | Shelving location | Barcode | Current Location | Full call number |
|---|---|---|---|---|---|---|---|---|---|---|---|---|---|---|---|---|
| 2016-07-31 | 2016-07-31 | Dhaka University Library | 2011-12-05 | Books | 1 | Purchased | Non Fiction | General Stacks | 461857 | Dhaka University Library | 954.92 CHE | |||||
| 2016-07-31 | 2016-07-31 | Dhaka University Library | 2011-12-05 | Books | 2 | Purchased | Non Fiction | General Stacks | 461858 | Dhaka University Library | 954.92 CHE | |||||
| 2016-07-31 | 2016-07-31 | Dhaka University Library | 2011-12-05 | Books | 3 | Purchased | Non Fiction | General Stacks | 461859 | Dhaka University Library | 954.92 CHE | |||||
| 2016-07-31 | 2016-07-31 | Dhaka University Library | 2011-12-05 | Books | 4 | Purchased | Non Fiction | General Stacks | 461860 | Dhaka University Library | 954.92 CHE |
